| 000 | 00726nam a22002297a 4500 | ||
|---|---|---|---|
| 005 | 20210325205421.0 | ||
| 008 | s2008 eng d | ||
| 020 | _a9780691146300 | ||
| 041 | _aeng | ||
| 050 | _aBR115.J8 W65J 2008 | ||
| 100 | 0 | _aWolterstorff, Nicholas | |
| 245 | 1 | 0 | _aJustice : rights and wrongs |
| 260 | 3 |
_aPrinceton, New Jersey : _bPrinceton University Press, _c2008 |
|
| 300 |
_a400 p. ; _b 23 cm. |
||
| 650 | 0 | 4 | _aHuman rights -- Religious aspects -- Christianity |
| 650 | 0 | 4 | _aChristianity and justice |
| 850 | _aNALT | ||
| 942 | _cGB | ||
| 997 | _a9155 | ||
| 997 | _c000000000063482 | ||
| 998 | _aนางสุกัญญา กัลยา | ||
| 999 |
_c63482 _d63482 |
||